[Event "Julius Baer GC - Preliminari"]
[Site "Internet"]
[Date "21.09.2022"]
[Round "14"]
[White "Saric, Ivan"]
[Black "Aronian, Levon"]
[Result "1/2-1/2"]
[WhiteElo "2668"]
[BlackElo "2759"]
[EventDate "2022.09.18"]

1. e4 e5 2. Nf3 Nc6 3. Bb5 Nf6 4. O-O Nxe4 5. Re1 Nd6 6. Nxe5 Be7 7. Bf1
Nxe5 8. Rxe5 O-O 9. Nc3 Bf6 10. Re1 Re8 11. Nd5 Rxe1 12. Qxe1 b6 13. Nxf6+
Qxf6 14. d3 Bb7 15. Qc3 Qxc3 16. bxc3 Bc6 17. a4 Nb7 18. Bf4 d6 19. d4 Na5
20. c4 Be4 21. Ra2 h6 22. f3 Bf5 23. c5 Be6 24. Ra3 dxc5 25. dxc5 Nb7 26.
Bxc7 Nxc5 27. a5 bxa5 28. Rxa5 Nb7 29. Rb5 Nd8 30. Bd3 Rc8 31. Bg3 Nc6 32.
Bf2 a5 33. Bc5 a4 34. Ba3 Nd4 35. Rc5 Ra8 36. Bb2 Rd8 37. Ra5 Nb3 38. Rb5
Nd2 39. Rb4 Nb3 40. cxb3 Rxd3 41. bxa4 Rb3 42. Rxb3 Bxb3 43. a5 Bc4 44. Kf2
g6 45. Ke3 Kf8 46. Kd4 Bf1 47. g3 Ke7 48. Kc5 Kd7 49. Kb6 Bg2 50. f4 h5 51.
a6 f5 52. a7 Ba8 53. Kc5 Bh1 54. Kd4 Ke6 55. Ba3 Ba8 56. Bf8 Bh1 57. Bg7
Ba8 58. Be5 Bh1 59. Ke3 Ba8 60. Kf2 Bb7 61. h3 Ba8 62. Ke3 Bh1 63. Kd4 Ba8
64. Kc5 Bh1 65. Kb6 Kd7 66. Bd4 Ba8 67. h4 Bh1 68. Be5 Ba8 69. Kc5 Bh1 70.
Kb6 Ba8 71. Kc5 Bh1 72. Kb6 1/2-1/2

[Event "Julius Baer GC - Preliminari"]
[Site "Internet"]
[Date "21.09.2022"]
[Round "14"]
[White "Ivanchuk, Vassily"]
[Black "Niemann, Hans"]
[Result "0-1"]
[WhiteElo "2678"]
[BlackElo "2688"]
[EventDate "2022.09.18"]

1. e4 e5 2. Nf3 Nc6 3. Bb5 Nf6 4. d3 Bc5 5. c3 O-O 6. Nbd2 Re8 7. O-O a6 8.
Bxc6 dxc6 9. Nc4 Nd7 10. Re1 Bf8 11. d4 exd4 12. cxd4 Nf6 13. Bg5 h6 14.
Bxf6 Qxf6 15. h3 b6 16. Qb3 Be6 17. Qc3 c5 18. d5 Qxc3 19. bxc3 Bd7 20. a4
f6 21. Ncd2 b5 22. axb5 axb5 23. c4 b4 24. Kf1 c6 25. Nb3 Rxa1 26. Rxa1
Rxe4 27. Ra7 Be8 28. Nfd2 Re7 29. Ra8 cxd5 30. cxd5 Bb5+ 31. Kg1 c4 32. Nd4
Re1+ 33. Kh2 c3 34. N2b3 Re8 0-1

[Event "Julius Baer GC - Preliminari"]
[Site "Internet"]
[Date "21.09.2022"]
[Round "14"]
[White "Duda, Jan-Krzysztof"]
[Black "Navara, David"]
[Result "0-1"]
[WhiteElo "2731"]
[BlackElo "2681"]
[EventDate "2022.09.18"]

1. c4 e5 2. g3 Nf6 3. Bg2 d5 4. cxd5 Nxd5 5. Nc3 Nb6 6. d3 Be7 7. Nf3 Nc6
8. O-O O-O 9. a3 Be6 10. b4 a5 11. b5 Nd4 12. Rb1 Nd5 13. Na4 Nxf3+ 14.
Bxf3 Qd7 15. d4 Rad8 16. dxe5 Bh3 17. Re1 Qe6 18. Qc2 Qxe5 19. Bb2 Qg5 20.
Red1 h5 21. Rd3 Nb6 22. Nxb6 cxb6 23. Bd4 Qg6 24. Qc3 Bxa3 25. Rbd1 Bb4 26.
Qc7 Bf5 27. e4 Bxe4 28. Bxe4 Qxe4 29. Re3 Qg4 30. f3 Qf5 31. Qc1 Rxd4 32.
Rxd4 Bc5 33. Qd1 Rc8 34. Kg2 Bxd4 35. Qxd4 Rc2+ 36. Kg1 Rc1+ 37. Kg2 Rc2+
38. Kg1 Qxb5 39. Qe4 Rc1+ 0-1

[Event "Julius Baer GC - Preliminari"]
[Site "Internet"]
[Date "21.09.2022"]
[Round "14"]
[White "Gelfand, Boris"]
[Black "Le, Quang Liem"]
[Result "1/2-1/2"]
[WhiteElo "2668"]
[BlackElo "2728"]
[EventDate "2022.09.18"]

1. d4 Nf6 2. c4 e6 3. Nf3 d5 4. g3 Bb4+ 5. Bd2 a5 6. Bg2 O-O 7. Qc2 c5 8.
cxd5 cxd4 9. Nxd4 Qb6 10. e3 exd5 11. a3 Bxd2+ 12. Nxd2 Nc6 13. N2f3 Bg4
14. O-O Rac8 15. Qd3 Ne4 16. Rab1 Rfe8 17. Rfc1 h6 18. Nxc6 bxc6 19. b4
axb4 20. axb4 Bxf3 21. Bxf3 Rb8 22. Qc2 Re6 23. Bxe4 Rxe4 24. Qxc6 Qxc6 25.
Rxc6 Rexb4 26. Rxb4 Rxb4 27. Rc8+ Kh7 28. Rd8 Rb5 29. g4 Kg6 30. Kg2 h5 31.
h3 hxg4 32. hxg4 Kf6 33. Kg3 g5 34. Ra8 Rb6 35. Rd8 Ke6 36. Re8+ Kf6 37.
Rd8 Ke6 38. Re8+ Kf6 39. Rd8 1/2-1/2

[Event "Julius Baer GC - Preliminari"]
[Site "Internet"]
[Date "21.09.2022"]
[Round "14"]
[White "Yoo, Christopher"]
[Black "Adhiban, Baskarat"]
[Result "1-0"]
[WhiteElo "2563"]
[BlackElo "2603"]
[EventDate "2022.09.18"]

1. Nf3 f5 2. d3 d6 3. e4 e5 4. Nc3 Nc6 5. d4 fxe4 6. Nxe4 d5 7. Nc3 e4 8.
Ng1 Nf6 9. Bg5 Bb4 10. Nge2 h6 11. Bh4 O-O 12. a3 Be7 13. h3 Be6 14. Qd2
Nh5 15. Bxe7 Qxe7 16. g4 Qf6 17. O-O-O Nf4 18. Ng3 Ng6 19. Ngxe4 dxe4 20.
d5 Rad8 21. Qe3 Bd7 22. dxc6 Bxc6 23. Rxd8 Rxd8 24. Bg2 Rf8 25. Nxe4 Qf4
26. Re1 Nh4 27. Bh1 Nf3 28. Bxf3 Qxf3 29. Ng3 Qxf2 30. Nf5 Qxe3+ 31. Rxe3
Bd7 32. Nd4 Rf4 33. Nf3 Bc6 34. Ne5 Re4 35. Kd2 Rxe3 36. Kxe3 Bg2 37. h4
Kf8 38. Ng6+ Ke8 39. Nf4 Bc6 40. Ne6 g6 41. Nf4 Bd7 42. Nd5 Bc6 43. Nb4 Bd7
44. Kf4 Ke7 45. g5 hxg5+ 46. Kxg5 Kf7 47. Nd5 c6 48. Nf4 Bf5 49. h5 Bxc2
50. hxg6+ Ke7 51. Ng2 a5 52. Ne3 Bb1 53. Nc4 a4 54. Nb6 Bc2 55. g7 Kf7 56.
Kh6 Kg8 57. Nd7 Kf7 58. Nf6 1-0

[Event "Julius Baer GC - Preliminari"]
[Site "Internet"]
[Date "21.09.2022"]
[Round "15"]
[White "Carlsen, Magnus"]
[Black "Keymer, Vincent"]
[Result "1-0"]
[WhiteElo "2861"]
[BlackElo "2693"]
[EventDate "2022.09.18"]

1. c4 Nf6 2. g3 e6 3. Bg2 d5 4. d4 Bb4+ 5. Nd2 O-O 6. Ngf3 dxc4 7. Qc2 a5
8. a3 Bxd2+ 9. Bxd2 b5 10. a4 Bb7 11. axb5 Qd5 12. O-O Qxb5 13. Rfc1 Bd5
14. Ne5 Nc6 15. Nxc6 Qxc6 16. f3 Qb6 17. e4 Qxd4+ 18. Kh1 Bb7 19. Bxa5 Qe5
20. Bc3 Qc5 21. Rxa8 Rxa8 22. Qd2 Ne8 23. Rd1 h6 24. Qf4 Nd6 25. h4 Nb5 26.
Be5 Rf8 27. Kh2 Bc8 28. Bf1 f6 29. Bc3 Nxc3 30. bxc3 Qf2+ 31. Bg2 e5 32.
Qc1 Be6 33. Qa3 Re8 34. Qa4 Rb8 35. Qc6 Qb6 36. Qa4 Qb3 37. Qa7 Qb6 38. Qa3
Kf7 39. h5 Qb3 40. Qa5 Qb6 41. Qa3 Qc6 42. Bh3 Rb3 43. Bxe6+ Qxe6 44. Qc5
Rb2+ 45. Kg1 Qb6 46. Rd7+ Kg8 47. Rxc7 Rb1+ 48. Kg2 Qb2+ 49. Kh3 Rh1+ 50.
Kg4 Qd2 51. Qd5+ Qxd5 52. exd5 Rd1 53. Rd7 Rd3 54. d6 Rxc3 55. Kf5 Rxf3+
56. Ke6 Rd3 57. Rc7 e4 58. d7 e3 59. Rxc4 Kh7 60. Ke7 g5 61. d8=Q Rxd8 62.
Kxd8 f5 63. Rc7+ Kg8 64. Re7 f4 65. gxf4 gxf4 66. Ke8 1-0

[Event "Julius Baer GC - Preliminari"]
[Site "Internet"]
[Date "21.09.2022"]
[Round "15"]
[White "Adhiban, Baskarat"]
[Black "Wojtaszek, Radoslaw"]
[Result "1/2-1/2"]
[WhiteElo "2603"]
[BlackElo "2696"]
[EventDate "2022.09.18"]

1. b3 d5 2. Bb2 Bg4 3. f3 Bf5 4. e4 dxe4 5. Nc3 Nf6 6. Qe2 Nc6 7. Qb5 Qd7
8. Qxb7 Rb8 9. Qa6 Rb6 10. Qa4 Rb4 11. Qa6 Rb6 12. Qa4 Rb4 13. Qa6 Rb6
1/2-1/2

[Event "Julius Baer GC - Preliminari"]
[Site "Internet"]
[Date "21.09.2022"]
[Round "15"]
[White "Le, Quang Liem"]
[Black "Yoo, Christopher"]
[Result "0-1"]
[WhiteElo "2728"]
[BlackElo "2563"]
[EventDate "2022.09.18"]

1. d4 Nf6 2. Nf3 d5 3. c4 e6 4. Nc3 c6 5. Bg5 h6 6. Bxf6 Qxf6 7. e3 g6 8.
Bd3 Bg7 9. cxd5 exd5 10. b4 O-O 11. b5 c5 12. Rc1 Qd6 13. dxc5 Qxc5 14. O-O
Nd7 15. Qb3 Nb6 16. a4 Be6 17. Nd4 Qd6 18. Nxe6 Qxe6 19. Ne2 Be5 20. a5 Nd7
21. e4 Qd6 22. f4 Bd4+ 23. Kh1 Nc5 24. Qc2 Be3 25. Rcd1 Rac8 26. e5 Qe6 27.
Qb2 d4 28. Bb1 Qc4 29. Ba2 Na4 30. Qb1 Qc2 31. e6 Qxb1 32. exf7+ Kg7 33.
Bxb1 Nb2 34. Rxd4 Bxd4 35. Nxd4 Rxf7 36. g3 Nc4 37. Rc1 Rd7 38. Nf3 Rdc7
39. Re1 Nxa5 40. Kg2 Rc1 41. Bd3 Rxe1 42. Nxe1 Nb3 43. Kf3 Rc1 44. Ke2 Rc3
45. Be4 Nd4+ 46. Kd2 Rc7 47. b6 axb6 48. g4 Re7 49. Bd3 Nb3+ 50. Kd1 Nc5
51. Bc2 b5 52. Nf3 b4 53. Nh4 Re6 54. f5 Rd6+ 55. Ke2 b3 56. Bb1 g5 57. Nf3
Na4 58. Bd3 Nc3+ 59. Kd2 b2 60. Kxc3 Rxd3+ 0-1

[Event "Julius Baer GC - Preliminari"]
[Site "Internet"]
[Date "21.09.2022"]
[Round "15"]
[White "Navara, David"]
[Black "Gelfand, Boris"]
[Result "1/2-1/2"]
[WhiteElo "2681"]
[BlackElo "2668"]
[EventDate "2022.09.18"]

1. e4 c5 2. Nf3 Nc6 3. Bb5 e6 4. O-O Nge7 5. Re1 a6 6. Bf1 d5 7. d3 d4 8.
e5 Nd5 9. c4 dxc3 10. bxc3 Rb8 11. c4 Nde7 12. Nc3 Nf5 13. Bg5 Be7 14. Bxe7
Qxe7 15. Ne4 O-O 16. Qd2 Rd8 17. Qf4 Ncd4 18. Rab1 Nxf3+ 19. Qxf3 Bd7 20.
Nd6 Nxd6 21. exd6 Qxd6 22. Rxb7 Rxb7 23. Qxb7 Rb8 24. Qa7 e5 25. g3 Be6 26.
Bg2 g6 27. a4 Kg7 28. a5 Rb2 29. Bd5 Bxd5 30. cxd5 Qxd5 31. Qxa6 Ra2 32.
Qb6 Qd4 33. Rf1 Qb4 34. Qc7 Qc3 35. Rb1 Qd4 36. Rf1 Qc3 37. Rb1 Qd4 38. Rf1
Qc3 1/2-1/2

[Event "Julius Baer GC - Preliminari"]
[Site "Internet"]
[Date "21.09.2022"]
[Round "15"]
[White "Niemann, Hans"]
[Black "Duda, Jan-Krzysztof"]
[Result "1-0"]
[WhiteElo "2688"]
[BlackElo "2731"]
[EventDate "2022.09.18"]

1. e4 c5 2. Nf3 d6 3. Bb5+ Nd7 4. a4 Ngf6 5. Nc3 g6 6. a5 Bg7 7. O-O a6 8.
Be2 O-O 9. d3 Nb8 10. e5 dxe5 11. Nxe5 Be6 12. Bf3 Nd5 13. Re1 Nxc3 14.
bxc3 Nc6 15. Bxc6 bxc6 16. Bf4 Qc8 17. c4 g5 18. Bd2 f6 19. Nf3 g4 20. Nh4
Re8 21. Qe2 Bf7 22. f3 h5 23. fxg4 hxg4 24. Qf2 e6 25. Bc3 e5 26. Nf5 Qe6
27. Rab1 Bg6 28. Nxg7 Kxg7 29. Qxc5 Bf5 30. Rb6 Qe7 31. Qf2 Qd7 32. Rf1 Kg6
33. d4 exd4 34. Bxd4 Re4 35. c3 Rf8 36. Rb7 Qe6 37. Qh4 Rf7 38. Rb8 Rh7 39.
Qg3 Re2 40. Qf4 Be4 41. Qxf6+ Qxf6 42. Rxf6+ Kh5 43. Re8 Rxg2+ 44. Kf1 Bf3
45. Re5+ Kh4 46. Bf2+ Kh3 47. Rff5 g3 48. Rxf3 Kxh2 49. Be3 Kh1 50. Rg5 Rb7
51. Rh5+ Rh2 52. Rxh2+ gxh2 53. Bf4 c5 54. Rh3 Rb1+ 55. Ke2 Rb2+ 56. Kd3
1-0

[Event "Julius Baer GC - Preliminari"]
[Site "Internet"]
[Date "21.09.2022"]
[Round "15"]
[White "Aronian, Levon"]
[Black "Ivanchuk, Vassily"]
[Result "1-0"]
[WhiteElo "2759"]
[BlackElo "2678"]
[EventDate "2022.09.18"]

1. d4 d5 2. Bf4 e6 3. e3 c5 4. Nf3 Nc6 5. Nbd2 Bd6 6. dxc5 Bxc5 7. a3 Bd6
8. Bxd6 Qxd6 9. c4 Nf6 10. cxd5 exd5 11. Rc1 O-O 12. Bb5 Bg4 13. h3 Bh5 14.
O-O Rfd8 15. Bxc6 bxc6 16. Qc2 Rac8 17. Qc5 Bxf3 18. Nxf3 Qxc5 19. Rxc5 Ne4
20. Ra5 Rc7 21. b4 Nd6 22. Nd4 Rdc8 23. Rc1 Kf8 24. Ra6 Nc4 25. e4 g6 26.
f4 c5 27. bxc5 Rxc5 28. e5 Nd2 29. Rxc5 Rxc5 30. Rxa7 Rc4 31. Ne2 d4 32.
Rd7 Nb3 33. Ng3 Nc5 34. Rd5 d3 35. Nf1 Rc3 36. g3 Ne4 37. a4 d2 38. Kg2 Ra3
39. Rd4 Rxa4 40. Rxa4 d1=Q 41. Rxe4 Qd5 42. Kf3 h5 43. Ne3 Qc6 44. f5 g5
45. e6 f6 46. e7+ Ke8 47. Nc4 Qd5 48. Ke3 Qc5+ 49. Kd3 Qd5+ 50. Kc3 Qc5 51.
Re6 Qc7 52. Kd4 Qa7+ 53. Kd3 1-0

[Event "Julius Baer GC - Preliminari"]
[Site "Internet"]
[Date "21.09.2022"]
[Round "15"]
[White "Praggnanandhaa, Rameshbabu"]
[Black "Saric, Ivan"]
[Result "1-0"]
[WhiteElo "2676"]
[BlackElo "2668"]
[EventDate "2022.09.18"]

1. d4 Nf6 2. c4 g6 3. Nc3 Bg7 4. e4 d6 5. Be2 O-O 6. Nf3 e5 7. O-O Nc6 8.
d5 Ne7 9. Ne1 Nd7 10. Nd3 f5 11. f3 f4 12. b4 g5 13. c5 Nf6 14. a4 h5 15.
a5 g4 16. fxg4 hxg4 17. Nf2 Qd7 18. a6 bxa6 19. c6 Qe8 20. Nxg4 Qg6 21. Nf2
Rb8 22. Bxa6 f3 23. Qxf3 Bxa6 24. Rxa6 Rxb4 25. Qg3 Qxg3 26. hxg3 Rc4 27.
Bd2 Nc8 28. g4 Rd4 29. Rd1 Rc4 30. Rb1 Rd4 31. Be3 Rc4 32. Rb3 Kh7 33. Ra4
Rxa4 34. Nxa4 Nb6 35. Nc3 Nc4 36. Bxa7 Bh6 37. Nb5 Ra8 38. Rb4 Na3 39. Nxa3
Rxa7 40. Rb3 Kg6 41. Nb5 Ra1+ 42. Kh2 Ra2 43. Kg3 Bd2 44. Kf3 Nh7 45. Nh3
Ba5 46. Ra3 Rxa3+ 47. Nxa3 Bb6 48. Nc4 Bc5 49. Nd2 Bb6 50. Nf1 Bc5 51. Ng3
Kf6 52. Nf5 Bb6 53. Kg3 Kg6 54. g5 Nxg5 55. Nxg5 Kxg5 56. Ng7 Kg6 57. Ne6
Kh5 58. Kh3 Ba5 59. g4+ Kg6 60. Kg2 Bb6 61. Kf3 Ba5 62. Ke2 Bb6 63. Kd3 1-0

[Event "Julius Baer GC - Semifinali"]
[Site "Internet"]
[Date "23.09.2022"]
[Round "S1"]
[White "Carlsen, Magnus"]
[Black "Keymer, Vincent"]
[Result "1/2-1/2"]
[WhiteTitle ""]
[BlackTitle ""]
[WhiteElo "2861"]
[BlackElo "2693"]
[WhiteFideId "1503014"]
[BlackFideId "12940690"]
[EventDate "2022.09.22"]
[EventType "k.o."]

1. d4 Nf6 2. Nf3 d5 3. g3 Bf5 4. c4 e6 5. Nc3 h6 6. Bg2 c6 7. Qb3 Qb6 8. c5 Qxb3
9. axb3 Be7 10. Bf4 Nbd7 11. b4 g5 12. Be3 a6 13. h4 g4 14. Nd2 e5 15. dxe5 Nxe5
16. b5 Nfd7 17. Nb3 Be6 18. O-O O-O 19. bxc6 bxc6 20. Bxh6 Rfb8 21. Nd4 Rxb2 22.
e4 Bxc5 23. Nxc6 d4 24. Na4 Rc2 25. Nxc5 Nxc6 26. Nxd7 Bxd7 27. e5 Re8 28. Rfd1
Nxe5 29. Rxd4 Bc6 30. Rd6 Bxg2 31. Kxg2 Nf3 32. Rdxa6 Ree2 33. Rf1 Ne1+ 34. Kg1
Nf3+ 35. Kg2 Ne1+ 36. Kg1 Nf3+ 37. Kg2 1/2-1/2

[Event "Julius Baer GC - Semifinali"]
[Site "Internet"]
[Date "23.09.2022"]
[Round "S2"]
[White "Keymer, Vincent"]
[Black "Carlsen, Magnus"]
[Result "1/2-1/2"]
[WhiteTitle ""]
[BlackTitle ""]
[WhiteElo "2693"]
[BlackElo "2861"]
[WhiteFideId "12940690"]
[BlackFideId "1503014"]
[EventDate "2022.09.22"]
[EventType "k.o."]

1. d4 Nf6 2. c4 e6 3. Nf3 d5 4. Nc3 Be7 5. Bf4 O-O 6. e3 c5 7. dxc5 Bxc5 8. cxd5
Nxd5 9. Nxd5 exd5 10. Bd3 Bb4+ 11. Nd2 Qf6 12. Rb1 Bf5 13. Bxf5 Qxf5 14. O-O Nc6
15. Nf3 Rfd8 16. Nd4 Nxd4 17. Qxd4 Ba5 18. Rfd1 Bb6 19. Qe5 Qe6 20. Rbc1 Rac8
21. h3 Rxc1 22. Rxc1 Qd7 23. Qg5 f6 24. Qg4 Qxg4 25. hxg4 g5 26. Bg3 d4 27. exd4
Bxd4 28. b3 Bb6 29. Bc7 Rc8 30. Bf4 Re8 31. Be3 Bxe3 32. fxe3 Kf7 33. Kf2 Re7
34. Ke2 Kg6 35. Rc8 h5 36. gxh5+ Kxh5 37. Kf3 Kg6 38. g4 Rh7 39. Rg8+ Kf7 40.
Ra8 a6 41. Kg3 Ke6 42. Re8+ Re7 43. Rf8 Rc7 44. Re8+ Kd5 45. Rd8+ Ke4 46. Re8+
Kd3 47. Kf3 a5 48. Rd8+ Kc3 49. Rd5 Kb4 50. Ke4 Rc2 51. Rd4+ Kc3 52. Rc4+ Kb2
53. Rxc2+ Kxc2 54. Kf5 Kb2 55. Kxf6 Kxa2 56. e4 Kxb3 57. e5 a4 58. e6 a3 59. e7
a2 60. e8=Q a1=Q+ 61. Kxg5 Qc1+ 62. Kf5 Qf1+ 63. Kg5 1/2-1/2